000
00282nam a2200109Ia 4500
008
200302s9999 xx 000 0 und d
100
_a
Alex White
245
_a
Type in Use Effective Typography for Electronic Publishing
260
_b
Design Press
260
_c
1992
300
_a
191 P.,
999
_c
1285
_d
1285